Il nipote di Wittgenstein : un'amicizia /
I tiakina i:
| Kaituhi matua: | |
|---|---|
| Ētahi atu kaituhi: | |
| Hōputu: | Pukapuka |
| Reo: | Itāriana |
| I whakaputaina: |
Milano :
Adelphi,
[1989]
|
| Rangatū: | Fabula ;
37 |
| Ngā marau: | |
| Ngā Tūtohu: |
Kāore He Tūtohu, Me noho koe te mea tuatahi ki te tūtohu i tēnei pūkete!
|
MARC
| LEADER | 00000nam a22000007i 4500 | ||
|---|---|---|---|
| 001 | IT\ICCU\CFI\0179929 | ||
| 003 | ItRI | ||
| 005 | 20260115231914.0 | ||
| 008 | 920510s1989 it |||||| ||||| |||||c | ||
| 020 | |a 8845907260 | ||
| 020 | |a 9788845907265 (5. ed. 2008) | ||
| 040 | |b ita |c importazione bologna sebina | ||
| 041 | 7 | |a ita |2 ISO-639-2 | |
| 082 | |a 833.914 |9 NARRATIVA TEDESCA. 1945- |2 12 | ||
| 100 | 1 | |a Bernhard, Thomas |0 IT\ICCU\CFIV\012248 |4 aut | |
| 240 | 1 | 0 | |a Wittgensteins Neffe |3 IT\ICCU\CFI\0179930 |9 Bernhard, Thomas |
| 245 | 1 | 3 | |a Il nipote di Wittgenstein : |b un'amicizia / |c Thomas Bernhard ; traduzione di Renata Colorni. |
| 260 | |a Milano : |b Adelphi, |c [1989] | ||
| 300 | |a 132 p. ; |c 22 cm. | ||
| 650 | 7 | |a Wittgenstein, Paul | |
| 700 | 1 | |a Colorni, Renata |0 IT\ICCU\CFIV\082598 | |
| 830 | 0 | |a Fabula ; |v 37 |0 IT\ICCU\CFI\0013960 | |
| 942 | |2 ddc |c BK |n 0 | ||
| 952 | |0 0 |1 0 |4 0 |6 DOC_838_914000000000000_BER |7 0 |9 16026 |a BO |b BO |d 2026-01-15 |i 2896 |l 0 |o DOC 838.914 BER |p BO2896 |r 2026-01-15 23:19:14 |w 2026-01-15 |x [Sebina 5] [1 v.] |y BK |z 1 v. | ||
| 999 | |c 13777 |d 13777 | ||